Airlines die in schonmal den Hamburger Flughafen angeflogen sind - Statistiken

Allgemein
  • Dieses Quiz wurde 376 mal gespielt
  • Das Durchschnittsergebnis liegt bei 6 aus 17
Answers on the Grid
Answers color-coded by a green-red scale on the quiz's grid according to % correct below.
Emirates
Lufthansa
Scoot
Delta
Ethiad
Avianca
United Airlines
Singapore Airlines
Korean Air
TAP Portugal
LATAM
Marabu
Nouvelair
Air China
Lauda
Thai Airways
Wizz
Pegasus
Bulgaria Air
Sun Express
LOT
Oman Air
Egypt Air
Aeroflot
Air Canada
ANA
FinnAir
Asiana Airlines
vueling
Tunis
 
Antwortstatistiken
Antwort % Korrekt
Lufthansa
95%
Emirates
87%
TAP Portugal
41%
Wizz
41%
Pegasus
35%
Sun Express
35%
FinnAir
34%
Lauda
31%
LOT
27%
Marabu
27%
United Airlines
26%
Delta
25%
vueling
25%
Aeroflot
21%
Egypt Air
16%
Nouvelair
15%
Tunis
9%
Keine übereinstimmenden Quizze gefunden
Verteilung der Resultate
Anzahl Personen mit jedem Resultat
Perzentil nach korrekt beantworteten Fragen
Ihre Resultats-Entwicklung
Sie haben dieses Quiz noch nicht gespielt